Gaming Quiz

Random Gaming or Board Games Quiz

Suikoden Stars of Destiny Quiz Stats

 Plays Quiz not verified by Sporcle

Challenge
Share
Tweet
Embed
Score 0/108 Timer 15:00
1 Play Today
Star Name % Correct
TenkoViktor
87.5%
TenanFlik
87.5%
TeneiGremio
80%
TenmenCleo
75%
TentaiPahn
75%
TenkaiTir McDohl
67.5%
TengouLepant
62.5%
TenkanLuc
62.5%
TenbiKirkis
62.5%
ChikyouMoose
62.5%
TenkiMathiu Silverberg
60%
TensokuStallion
60%
TenheiTai Ho
60%
TensonYam Koo
60%
ChiketsuJeane
60%
ChibiFutch
60%
ChikyuKasumi
60%
ChihiMeese
60%
ChitatsuViki
60%
TeniPesmerga
57.5%
TensyoValeria
57.5%
TenkyuMilich Oppenheimer
57.5%
TensuiTengaar
57.5%
ChizikuMose
57.5%
ChibakuMaas
57.5%
ChifukuApple
57.5%
TenrouHix
55%
ChimeiSheena
55%
TensatsuFu Su Lu
52.5%
ChikeiMeg
52.5%
ChikoMace
52.5%
ChiakuRonnie Bell
52.5%
TeniKage
50%
TenkouEileen
50%
ChikaiLeon Silverberg
50%
ChisyunJuppo
50%
Star Name % Correct
ChitanKuromimi
50%
ChikenQlon
50%
ChizokuKrin
50%
TenmouKwanda Rosman
47.5%
TenjyuSonya Shulen
47.5%
TenkokuSydonia
47.5%
ChikatsuLorelai
47.5%
ChizenCrowley
47.5%
ChimanGen
47.5%
ChikakuGon
47.5%
ChimouAlen
47.5%
TensyoClive
45%
TenpaiLeonardo
45%
TenbouVarkas
45%
ChikiGrenseal
45%
ChisokuRubi
45%
ChisyuAntonio
45%
ChisatsuSylvina
45%
ChiinMarie
45%
ChisatsuGeorges
42.5%
ChikaiEsmeralda
42.5%
ChiiMilia
42.5%
ChiheiKirke
42.5%
ChikouFuma
40%
ChikouKimberly
40%
ChitaiMarco
40%
ChiyuQuincy
40%
ChisuWindow
40%
ChisouSarah
40%
TenyuKasim Hazil
37.5%
TenyuCamille
37.5%
ChianMorgan
37.5%
ChireiLiukan
37.5%
ChichinVincent De Boule
37.5%
ChihiKai
37.5%
ChikuLotte
37.5%
Star Name % Correct
ChisonRock
37.5%
TenkenAnji
35%
ChiyouGiovanni
35%
ChizouLester
35%
ChiyuEikei
32.5%
ChitouBlackman
32.5%
ChisaMelodye
32.5%
ChiinMina
32.5%
ChizenOnil
32.5%
ChimouTempleton
32.5%
TemyuHumphrey Mintz
30%
ChiyuIvanov
30%
ChiiMaximillian
30%
ChibunTesla
30%
ChikyouJoshua Levenheit
30%
ChiriKamandol
30%
ChirakuKasios
30%
ChikouChandler
30%
TenkuKreutz
27.5%
TenzaiKanak
27.5%
ChieiSancho
27.5%
ChiyuChapman
27.5%
ChisouSergei
27.5%
ChisinKessler
27.5%
ChisyuHellion
27.5%
ChimaTaggart
27.5%
ChisyuGaspar
27.5%
TenkiWarren
25%
TenfuKun To
25%
ChiseiJabba
25%
ChidoLedon
25%
ChiretsuSansuke
25%
TenritsuGriffith
22.5%
ChijyuFukien
22.5%
ChisuiHugo
22.5%
ChikeiZen
20%

You're not logged in!

Compare scores with friends on all Sporcle quizzes.
OR
Log In

You Might Also Like...

Show Comments

Extras

Top Quizzes Today


Score Distribution

Your Account Isn't Verified!

In order to create a playlist on Sporcle, you need to verify the email address you used during registration. Go to your Sporcle Settings to finish the process.

Report this User

Report this user for behavior that violates our Community Guidelines.

Details: